ბათუმის შოთა რუსთაველის სახელმწიფო უნივერსიტეტის ბიბლიოთეკა

გზა მთებისაკენ მიდის. (ბიბ.ჩანაწერი № 40941)

000 -LEADER
fixed length control field 00826nam a2200229Ia 4500
001 - CONTROL NUMBER
control field 7588
003 - CONTROL NUMBER IDENTIFIER
control field GE_BSU
008 - FIXED-LENGTH DATA ELEMENTS--GENERAL INFORMATION
fixed length control field 181216s||||||||xx |||||||||||||| ||und||
040 ## - CATALOGING SOURCE
Transcribing agency GE_BSU
080 ## - UNIVERSAL DECIMAL CLASSIFICATION NUMBER
Universal Decimal Classification number 821.353.1-31
100 ## - MAIN ENTRY--PERSONAL NAME
Personal name დოლიძე,ნინო.
245 ## - TITLE STATEMENT
Title გზა მთებისაკენ მიდის.
245 ## - TITLE STATEMENT
Remainder of title რომანი-მოთხრობები.
245 ## - TITLE STATEMENT
Statement of responsibility, etc. რედ: შ. კაპანაძე,მხატვ:.ჯ.ყაველაშვილი.
260 ## - PUBLICATION, DISTRIBUTION, ETC.
Place of publication, distribution, etc. თბილისი.
260 ## - PUBLICATION, DISTRIBUTION, ETC.
Name of publisher, distributor, etc. საბჭოთა საქართველო.
260 ## - PUBLICATION, DISTRIBUTION, ETC.
Date of publication, distribution, etc. 1967.
300 ## - PHYSICAL DESCRIPTION
Extent 487გვ;20სმ.
653 ## - INDEX TERM--UNCONTROLLED
Uncontrolled term გზა მთებისაკენ მიდის.
653 ## - INDEX TERM--UNCONTROLLED
Uncontrolled term რომანი-მოთხრობები.
942 ## - ADDED ENTRY ELEMENTS (KOHA)
Koha item type წიგნი
ეგზემპლარები
Withdrawn status Lost status Source of classification or shelving scheme Damaged status Not for loan Permanent Location Current Location Shelving location Date acquired Cost, normal purchase price Full call number Barcode Date last seen Copy number Price effective from Koha item type Public note
          ბათუმის შოთა რუსთაველის სახელმწიფო უნივერსიტეტის მთავარი ბიბლიოთეკა ბათუმის შოთა რუსთაველის სახელმწიფო უნივერსიტეტის მთავარი ბიბლიოთეკა წიგნსაცავი 2018-12-17 1.90 821.353.1-31 23474 2018-12-17 23474 2018-12-17 წიგნი 1.90 ₾.